Australian Institute of Building Surveyors (Record no. 120032)

MARC details
000 -LEADER
fixed length control field 00661cam a2200193 4500
001 - CONTROL NUMBER
control field WS117831
008 - FIXED-LENGTH DATA ELEMENTS--GENERAL INFORMATION
fixed length control field 020503n 000 0 eng u
035 ## - SYSTEM CONTROL NUMBER
System control number (Sirsi) u117831
110 ## - MAIN ENTRY--CORPORATE NAME
Corporate name or jurisdiction name as entry element Australian Institute of Building Surveyors
9 (RLIN) 4235
245 ## - TITLE STATEMENT
Title Australian Institute of Building Surveyors
520 ## - SUMMARY, ETC.
Summary, etc. Web site for this Australian body for building surveyors including details of their organisation.
650 ## - SUBJECT ADDED ENTRY--TOPICAL TERM
Topical term or geographic name entry element AUSTRALIA
650 ## - SUBJECT ADDED ENTRY--TOPICAL TERM
Topical term or geographic name entry element INTERNATIONAL
650 ## - SUBJECT ADDED ENTRY--TOPICAL TERM
Topical term or geographic name entry element ORGANISATION
650 ## - SUBJECT ADDED ENTRY--TOPICAL TERM
Topical term or geographic name entry element BUILDING SURVEYORS
690 ## - LOCAL SUBJECT ADDED ENTRY--TOPICAL TERM (OCLC, RLIN)
Topical term or geographic name as entry element BUILT ENVIRONMENT
856 40 - ELECTRONIC LOCATION AND ACCESS
Uniform Resource Identifier <a href="https://www.aibs.com.au">https://www.aibs.com.au</a>
Public note View the website free of charge at www.aibs.com.au
942 ## - ADDED ENTRY ELEMENTS (KOHA)
Suppress in OPAC 0
Holdings
Withdrawn status Lost status Source of classification or shelving scheme Damaged status Not for loan Home library Current library Shelving location Date acquired Total Checkouts Full call number Barcode Date last seen Copy number Price effective from Koha item type
    Dewey Decimal Classification     Virtual Virtual Online 03/05/2002   WEB SITE 117831-2001 06/08/2019 1 06/08/2019 Online material